00237nam a2200085Ia 450000100070000000500170000700800410002424500570006526000290012267140220250826160825.0250824s9999 xx 000 0 und d 0aSİHİRLİ KRALLIK MASAL ORMANI 11cROSİE BANKS bDOĞAN EGMONT YAYINLARI